Khasiat Asmaul-Husna & himpunan ayat-ayat Al-Quran

Bibliographic Details
Main Author: Abu Nur Husnina
Format: Book
Published: Selangor : Pustaka Ilmi , 2003
Subjects:

MARC

LEADER 00000cam a2200000 7i4500
001 0000013976
005 20080214.0
008 140208
020 |a 9839888196 
090 0 0 |a 297.1229   |b KHA 
100 1 |a Abu Nur Husnina 
245 1 0 |a Khasiat Asmaul-Husna & himpunan ayat-ayat Al-Quran   |c Abu Nur Husnina 
260 |a Selangor :   |b Pustaka Ilmi ,   |c 2003 
650 0 |a God (Islam)   |x Name 
700 1 |a Abu Nur Husnina 
999 |a 0001006958   |b Book   |c Adult Collection   |e Perbadanan Perpustakaan Awam Johor 
999 |a 0001006960   |b Book   |c Adult Collection   |e Perbadanan Perpustakaan Awam Johor